| 000 | 00905nam a22002297a 4500 | ||
|---|---|---|---|
| 003 | UA-OsUOA | ||
| 001 | 50482 | ||
| 007 | ta | ||
| 008 | 20071119b un ||||| |||| 00| 0 ukr d | ||
| 100 | _aАндрушенко В. П. | ||
| 090 |
_a141.7:32 (477) _bА 66 |
||
| 942 | _cBK | ||
| 040 |
_aUA-OsUOA _bukr _cUA-OsUOA _dUA-OsUOA |
||
| 245 |
_aОрганізоване суспільство _bпроблеми організації та суспільної самоорганізації в період радикальних трансформацій в Україні на рубежі століть. Досвід соціально-філософського аналізу |
||
| 300 | _a502 с. | ||
| 955 | _a2 | ||
| 041 | _aukr | ||
| 080 | _a141.7:32 (477) | ||
| 020 | _a966-8968-00-Х | ||
| 260 |
_aК. _bТОВ "Атлант" _c2006 |
||
| 650 | 7 |
_a1 Філософські науки _2UDC |
|
| 999 |
_c336583 _d336583 |
||